header

Nonlinear microwave circuit design (Record no. 105019)

MARC details
000 -LEADER
fixed length control field 01227nam a22003134a 4500
082 04 - DEWEY DECIMAL CLASSIFICATION NUMBER
Classification number 621.381/33
100 1# - MAIN ENTRY--AUTHOR NAME
Personal name Giannini, Franco,
245 10 - TITLE STATEMENT
Title Nonlinear microwave circuit design
260 ## - PUBLICATION, DISTRIBUTION, ETC. (IMPRINT)
Place of publication Chichester, West Sussex, England ;
-- Hoboken, NJ :
Name of publisher Wiley,
Year of publication c2004.
300 ## - PHYSICAL DESCRIPTION
Number of Pages x, 392 p. :
Other physical details ill.
650 #0 - SUBJECT ADDED ENTRY--TOPICAL TERM
Topical Term Microwave circuits.
Topical Term Electric circuits, Nonlinear.
700 1# - ADDED ENTRY--PERSONAL NAME
Personal name Leuzzi, G.
856 40 - ELECTRONIC LOCATION AND ACCESS
Uniform Resource Identifier http://site.ebrary.com/lib/rucke/Doc?id=10113955

No items available.

© 2026 Rongo University
Contact us: librarian | system librarian | Rongo university